书目信息 |
| 题名: |
弘一法师——李叔同
|
|
| 作者: | ;闻逸书卷 编著 | |
| 分册: | ||
| 出版信息: | 成都 四川文艺出版社 2007.08 |
|
| 页数: | 206页 | |
| 开本: | 23cm | |
| 丛书名: | ||
| 单 册: | ||
| 中图分类: | B949.92-53 | |
| 科图分类: | ||
| 主题词: | ||
| 电子资源: | ||
| ISBN: | 978-7-5411-2608-6 | |
| 000 | 00783nam0 2200241 450 | |
| 001 | 012007651489 | |
| 005 | 20071227165200.04 | |
| 010 | @a978-7-5411-2608-6@dCNY25.00 | |
| 100 | @a20071227d2007 km y0chiy0120 ea | |
| 101 | 0 | @achi |
| 102 | @aCN@b510000 | |
| 105 | @aac z 000yy | |
| 106 | @ar | |
| 200 | 1 | @a弘一法师——李叔同@Ahong yi fa shi——li shu tong |
| 210 | @a成都@c四川文艺出版社@d2007.08 | |
| 215 | @a206页@c图, 肖像@d23cm | |
| 314 | @a责任者取自版权页。 | |
| 330 | @a本书汇集了弘一法师——李叔同的佛法演讲、诗、词、歌及法书。收录了纪念弘一大师的文章若干篇。 | |
| 600 | 0 | @a李叔同,@Ali shu tong@f1880-1942@x纪念文集 |
| 690 | @aB949.92-53@v4 | |
| 711 | 02 | @a闻逸书卷@Awen yi shu juan@4编著 |
| 801 | 0 | @aCN@bQSSK@c20071227 |
| 905 | @b273078-80@dB949.92-53@eW683@f3 | |
| 弘一法师——李叔同.-成都:四川文艺出版社,2007.08 |
| 206页:图, 肖像;23cm |
| ISBN 978-7-5411-2608-6:CNY25.00 |
| 本书汇集了弘一法师——李叔同的佛法演讲、诗、词、歌及法书。收录了纪念弘一大师的文章若干篇。 |
| ● |
| 相关链接 |
|
|
|
正题名:弘一法师——李叔同
索取号:B949.92-53/W683
 
预约/预借
| 序号 | 登录号 | 条形码 | 馆藏地/架位号 | 状态 | 备注 |
| 1 | 273078 | 202730786 | 自科二线400A/422社科库 43排4列1层/ [索取号:B949.92-53/W683] | 在馆 | |
| 2 | 273079 | 202730795 | 自科二线400A/422社科库 43排4列1层/ [索取号:B949.92-53/W683] | 在馆 | |
| 3 | 273080 | 202730802 | 自科二线400A/400A自科库 10排4列2层/ [索取号:B949.92-53/W683] | 在馆 |